Estatísticas para Fiji

Clique aqui para jogar o quiz

Estatísticas Gerais

  • Esse quiz foi jogado 15 vezes
  • A pontuação média é 7 de 14

Estatísticas das Respostas

HintResposta% Correto
Onde fica?Oceania
100%
De que país é independente?Reino Unido
100%
De todos os idiomas qual é o mais falado?Inglês
89%
Qual é o seu clima?Tropical
89%
Quantos idiomas tem?3
78%
Qual é a sua religião?Cristianismo
67%
Qual é a sua moeda?Dólar fijiano
67%
Qual é a sua capital?Suva
56%
Qual é o desporto mais popular?Rugby
33%
Quantas ilhas são habitadas?105
0%
Por quantas ilhas é composto?332
0%
Que filme foi gravado no país?Anacondas: The Hunt for the Blood Orchid
0%
Em que ilha está localizada a capital do país?Viti Levu
0%
Quem é o presidente?Wiliame Katonivere
0%

Distribuição das Pontuações

Percentil de Números Respondidos

Porcentagem de Pessoas com Cada Pontuação

Sua Pontuação Histórica

Você não jogou esse quiz